| 000 | 00738cab a2200241 4500 | ||
|---|---|---|---|
| 001 | ABS52320 | ||
| 008 | 090401t1994 xxu||||| |||| 00| 0 eng d | ||
| 035 | _a(Sirsi) u72980 | ||
| 041 | _aeng | ||
| 100 | _aWebster, N. | ||
| 245 | 2 | _aA little bit of Know How | |
| 260 | _c1994 | ||
| 350 | _a0 | ||
| 490 |
_aEstates Europe _v3(8) February 1994, 6-7(2) |
||
| 520 | _aDiscusses how the government`s Know How Fund has helped UK property consultants and developers to become active in Central and Eastern Europe. | ||
| 650 | _aEASTERN EUROPE | ||
| 650 | _aKNOW HOW FUND | ||
| 650 | _aPROPERTY CONSULTANTS | ||
| 690 | _aPROPERTY-PROPERTY FINANCE AND INVESTMENT | ||
| 690 | _aOVERSEAS-EUROPE | ||
| 942 | _n0 | ||
| 948 | _c04/03/1997 | ||
| 999 |
_c46140 _d46140 |
||